000 00615nam a2200205 i 4500
001 151097
003 ES-MaACL
005 20230906203831.0
007 t|
008 071207s1912 xxk ||||1| eng d
100 1 _aChapman, S. J.
_938034
245 1 0 _aPolitical economy /
_cby S. J. Chapman.
260 _aLondon :
_bWilliams and Norgate,
_c[1912?]
300 _a255 p. ;
_c17 cm.
490 1 _aHome university library of modern knowledge
500 _aPrólogo fechado en 1912.
830 0 _aHome university library of modern knowledge
_9182346
852 _aES-MaACL
_jC-2715
999 _c151097
_d151097